Most Expensive Melbourne Suburbs - Statistics

General Stats
  • This quiz has been taken 64 times
  • The average score is 5 of 10
Answer Stats
Median House Price Suburb % Correct
$5,180,000 Toorak
88%
$3,090,000 Brighton
70%
$3,000,000 Malvern
52%
$2,740,000 Kew
50%
$2,460,000) Camberwell
48%
$3,000,000 Balwyn
40%
$3,260,000 Canterbury
36%
$3,360,000 East Melbourne
34%
$3,400,000 Kooyong
34%
$2,290,000 Middle Park
30%
No matching quizzes found
Score Distribution
Percent of People with Each Score
Percentile by Number Answered
Your Score History
You have not taken this quiz